000 00391nam a2200169Ia 4500
008 230524s9999 xx 000 0 und d
020 _a9781259029974
082 _a627
_bSUB
100 _aK Subramanya
245 0 _aEngineering Hydrology
250 _a4
260 _aNew Delhi
_bMGH
_c2015
300 _a"xvi,526p;"
500 _aQuantity Number: 67
650 _aCivil
942 _cBK
999 _c55605
_d55605